Goat production and research in the tropics : proceedings of a workshop held at the University of Queensland, Brisbane, Australia, 6-8 February 1984 /

Bibliographic Details
Corporate Authors: Australian Centre for International Agricultural Research, Philippine Council for Agricultural and Resources Research
Format: Book
Language:English
Published: Canberra : Australian Centre for International Agricultural Research, 1985.
Series:ACIAR proceedings ; no. 7.
Subjects:

MARC

Tag First Indicator Second Indicator Subfields
LEADER 00000cam a2200000 a 4500
001 in00000033107
005 20151007055124.0
008 860122s1985 at b f10000 eng d
020 |a 0949511102 
035 |a (OCoLC)13049261 
035 |9 AAB7320AM 
040 |a DJB  |c DJB  |d m/c  |d TXA  |d UtOrBLW 
049 |a TXAM  |c [A11110807] 
050 4 |a SF380.3  |b .G6 1985 
245 0 0 |a Goat production and research in the tropics :  |b proceedings of a workshop held at the University of Queensland, Brisbane, Australia, 6-8 February 1984 /  |c editor, J. W. Copland. 
264 1 |a Canberra :  |b Australian Centre for International Agricultural Research,  |c 1985. 
300 |a v, 118 pages ;  |c 24 cm. 
336 |a text  |b txt  |2 rdacontent 
337 |a unmediated  |b n  |2 rdamedia 
338 |a volume  |b nc  |2 rdacarrier 
490 1 |a ACIAR proceeding series ;  |v no. 7 
500 |a Spine title: Goat production and research. 
504 |a Includes bibliographies. 
650 0 |a Goats  |x Diseases  |x Congresses. 
650 0 |a Goats  |x Feeding and feeds  |x Congresses. 
650 0 |a Goats  |x Breeding  |v Congresses. 
650 0 |a Goat milk  |x Congresses. 
650 0 |a Goat industry  |x Congresses. 
650 0 |a Goats  |x Diseases  |z Tropics. 
650 0 |a Goats  |x Feeding and feeds  |z Tropics. 
650 0 |a Goats  |x Breeding  |z Tropics. 
650 0 |a Goat milk  |z Tropics. 
650 0 |a Goat industry  |z Tropics. 
710 2 |a Australian Centre for International Agricultural Research. 
710 2 |a Philippine Council for Agricultural and Resources Research. 
740 0 |a Goat production and research. 
830 0 |a ACIAR proceedings ;  |v no. 7. 
999 |a MARS 
999 f f |s 5bb33a5b-e2ac-30ba-9cd4-0a55aac538d3  |i facb5ea5-6b50-3e5f-a20a-c8d7d05de265  |t 0 
952 f f |p ric  |a Texas A&M University  |b Rellis Campus  |c Joint Library Facility  |d Remote Storage  |t 0  |e SF380.3 .G6 1985  |h Library of Congress classification  |i unmediated -- volume  |m A14811110807 
998 f f |a SF380.3 .G6 1985  |t 0  |l Remote Storage